书目信息 |
| 题名: |
端午
|
|
| 作者: | 刘晓峰 著 | |
| 分册: | ||
| 出版信息: | 天津 天津人民出版社 2022.07 |
|
| 页数: | 257页 | |
| 开本: | 21cm | |
| 丛书名: | 节日里的中国 | |
| 单 册: | ||
| 中图分类: | K892.18 | |
| 科图分类: | ||
| 主题词: | 端午节--duan wu jie--风俗习惯--中国 | |
| 电子资源: | ||
| ISBN: | 978-7-201-18443-2 | |
| 000 | 01099nam 2200265 450 | |
| 001 | CAL 0120227420148 | |
| 005 | 20230217093113.0 | |
| 010 | @a978-7-201-18443-2@dCNY68.00 | |
| 100 | @a20220711d2022 em y0chiy0120 ea | |
| 101 | 0 | @achi |
| 102 | @aCN@b120000 | |
| 105 | @ay z 000yy | |
| 106 | @ar | |
| 200 | 1 | @a端午@Aduan wu@f刘晓峰著 |
| 210 | @a天津@c天津人民出版社@d2022.07 | |
| 215 | @a257页@d21cm | |
| 225 | 2 | @a节日里的中国@Ajie ri li de zhong guo |
| 314 | @a刘晓峰, 清华大学历史系教授, 博士生导师。1986年硕士毕业于东北师范大学中文系, 2000年博士毕业于日本京都大学。 | |
| 330 | @a本书内容从节日的源流与文化内涵讲起, 带读者领略节日饮食、节日仪式信仰、节日娱乐活动等民俗活动, 阐释其所蕴含的文化意义。本书是“节日里的中国”丛书中的一本, 共八章: 关注我们的端午、端午正名、端午与中国古代时间体系、端午探源、端午的节俗、端午的宗教习俗、端午在东亚、端午与现代社会。 | |
| 410 | 0 | @12001 @a节日里的中国 |
| 606 | 0 | @a端午节@Aduan wu jie@x风俗习惯@y中国 |
| 690 | @aK892.18@v5 | |
| 701 | 0 | @a刘晓峰@Aliu xiao feng@4著 |
| 801 | 0 | @aCN@bBJXHZP@c20230228 |
| 905 | @b1400975-8@dK892.18@e406@f4 | |
| 端午/刘晓峰著.-天津:天津人民出版社,2022.07 |
| 257页;21cm.-(节日里的中国) |
| ISBN 978-7-201-18443-2:CNY68.00 |
| 本书内容从节日的源流与文化内涵讲起, 带读者领略节日饮食、节日仪式信仰、节日娱乐活动等民俗活动, 阐释其所蕴含的文化意义。本书是“节日里的中国”丛书中的一本, 共八章: 关注我们的端午、端午正名、端午与中国古代时间体系、端午探源、端午的节俗、端午的宗教习俗、端午在东亚、端午与现代社会。 |
| ● |
| 相关链接 |
|
|
|
|
正题名:端午
索取号:K892.18/406
 
预约/预借
| 序号 | 登录号 | 条形码 | 馆藏地/架位号 | 状态 | 备注 |
| 1 | 1400975 | 214009758 | 第二样本阅览室/ [索取号:K892.18/406] | 在馆 | |
| 2 | 1400976 | 214009767 | 第二借阅区/ [索取号:K892.18/406] | 在馆 | |
| 3 | 1400977 | 214009776 | 第二借阅区/ [索取号:K892.18/406] | 在馆 | |
| 4 | 1400978 | 214009785 | 第二借阅区/ [索取号:K892.18/406] | 在馆 |